LEADER 01014cam0 2200265 450 001 E600200015170 005 20220104083223.0 100 $a20051206d1960 |||||ita|0103 ba 101 $aita 102 $aIT 200 1 $aDal "Convivio" alla "Commedia"$e(Sei saggi danteschi)$fBruno Nardi 210 $aRoma$c[Istituto Storico Italiano per il Medio Evo]$d1960 215 $a382 p.$d26 cm 225 2 $aStudi Storici$fIstituto storico italiano per il Medio Evo$vfasc. 35-39 410 1$1001LAEC00018361$12001 $a*Studi Storici / Istituto storico italiano per il Medio Evo$vfasc. 35-39 700 1$aNardi$b, Bruno$3AF00005973$4070$0153617 801 0$aIT$bUNISOB$c20220104$gRICA 850 $aUNISOB 852 $aUNISOB$j850.1$m117638 912 $aE600200015170 940 $aM 102 Monografia moderna SBN 941 $aM 957 $a850.1$b000559$gSi$d117638$hEsposito$rdono$1catenacci$2UNISOB$3UNISOB$420051206092316.0$520151130182412.0$6bethb 996 $aDal Convivio alla Commedia$9143639 997 $aUNISOB